Normal view
MARC view
- Dong, Zheng.
Entry Personal Name
001 - CONTROL NUMBER
- control field: 53695
003 - CONTROL NUMBER IDENTIFIER
- control field: OSt
005 - DATE AND TIME OF LATEST TRANSACTION
- control field: 20240228135345.0
008 - FIXED-LENGTH DATA ELEMENTS
- fixed length control field: 240228|| aca||aabn | a|a d
040 ## - CATALOGING SOURCE
- Original cataloging agency: OSt
- Transcribing agency: OSt
100 ## - HEADING--PERSONAL NAME
- Personal name: Dong, Zheng.
- Relator term: author.
670 ## - SOURCE DATA FOUND
- Source citation: Work cat.: (OSt): Wang, Fan. author. 53693, Multiphase low stresses high step-up DC—DC converter with self-balancing capacitor voltages and self-averaging inductor currents /, June 2022.
